Leonardo y Gertrudis

Gespeichert in:
Bibliographische Detailangaben
1. Verfasser: Pestalozzi, Juan Enrique (VerfasserIn)
Format: Buch
Sprache:Spanisch
Veröffentlicht: Leipzig F. A. Brockhaus 1890
Ausgabe:1a. ed
Schriftenreihe:Biblioteca de la Familia y de la Escuela
Schlagworte:
Tags: Tag hinzufügen
Keine Tags, Fügen Sie den ersten Tag hinzu!

MARC

LEADER 00000cam a2200000 a 4500
001 UCJ8751
003 CL-VaPUC
008 070124e18900000GW |||||||||||||||||spa|d
082 0 4 |a 832  |b PES  |2 21 
100 0 |a Pestalozzi, Juan Enrique  |e author  |9 517830 
245 1 0 |a Leonardo y Gertrudis 
250 |a 1a. ed 
300 |a 278 p 
942 |c BK 
945 |d 20070124 00:00:00  |a fvergara 
260 |a Leipzig  |b F. A. Brockhaus  |c 1890 
500 |a Inspirada en los "Contes maraux de Francois Marmontel" esta novela es esencialmente educativa y moralizadora. Traducida por Juan O. Monasterios 
650 0 |a Literatura alemana   |9 265457 
650 0 |a Novela   |9 313705 
583 |a last modification  |c 20120307 01:47:48  |k Rodrigo Vera 
490 0 |a Biblioteca de la Familia y de la Escuela 
999 |c 324404  |d 324402 
952 |0 0  |1 0  |4 0  |6 832_000000000000000_PES_1890  |7 0  |8 X  |9 404503  |a FDOBUD  |b FDOBUD  |d 2019-11-22  |i 1619691  |o 832 PES 1890  |p 1619691  |r 2019-11-22  |w 2019-11-22  |y BK_X  |k BUD 
952 |0 0  |1 0  |4 0  |6 832_000000000000000_PES_1890  |7 0  |8 P  |9 404504  |a BIBEDU  |b BIBEDU  |d 2019-11-22  |i 4837940  |o 832 PES 1890  |p 4837940  |r 2019-11-22  |w 2019-11-22  |y BK  |k BME